| 000 | 00581nam a2200181Ia 4500 | ||
|---|---|---|---|
| 003 | IN-BaIIA | ||
| 008 | 211028s9999 xx 000 0 eng d | ||
| 040 | _cIIA Library | ||
| 080 |
_a51:62 _bCHI-1 |
||
| 100 |
_aChirgwin, Brian H. _94256 |
||
| 245 | 2 |
_aA course of mathematics for engineers and scientists _bvol. 1 _cBrian H. Chirgwin |
|
| 260 |
_aNew York _bPergamon Press _c1961 |
||
| 300 | _avi, 326p. | ||
| 650 | _aAstronomy and astrophysics thesaurus | ||
| 650 |
_aMathematics _982 |
||
| 700 |
_aPlumpton, Charles _94257 |
||
| 942 | _cBK | ||
| 999 |
_c2377 _d2377 |
||